000 00394nam a2200181Ia 4500
003 OSt
005 20220715141451.0
008 210210b1944 xxu||||| |||| 00| 0 eng d
040 _cAL
041 _aeng
082 _a330/403
100 _aSEN (S N)
_949928
245 _aElementary economics
260 _a-
_b-
_c1944
690 _aEconomics
_949929
906 _a003806
942 _2ddc
_cBK
999 _c120953
_d120953